Taylor Swift - Track 9 - Statistiques

Statistiques générales
  • Ce quiz a été pris 58 fois
    19 depuis la dernière actualisation
  • Le résultat moyen est 11 sur 12
Statistiques - réponses
Albums Chansons % Correct
The Tortured Poets Department Guilty as Sin?
100%
The Life of a Showgirl Wood
100%
Midnights Bejeweled
91%
Lover Cornelia Street
91%
Reputation Getaway Car
91%
1989 Wildest Dreams
91%
evermore coney island
82%
Speak Now Enchanted
82%
Taylor Swift Should've Said No
82%
Red Stay Stay Stay
82%
folklore this is me trying
82%
Fearless You're Not Sorry
82%
Aucun quiz correspondant
Distribution des résultats
% des personnes avec chaque résultat
Percentile par nombre de réponses
Votre historique - résultats
Vous n’avez pas pris ce quiz depuis la dernière actualisation